| 000 | 00746nam a22002417a 4500 | ||
|---|---|---|---|
| 003 | DO-SdBNP | ||
| 005 | 20210922114157.0 | ||
| 007 | ta | ||
| 008 | 210922b 2019 dr a 00| 0 eng d | ||
| 020 | _a9789945169799 | ||
| 040 |
_aDO-SdBNP _bspa _cBNPHU |
||
| 082 | 4 | _aBNPHU | |
| 100 | 1 |
_aZapete, Marino _911837 |
|
| 245 | 1 | 3 |
_aLa crónica irreverente / _cMarino Zapete |
| 250 | _a2a ed. | ||
| 260 |
_aSanto Domingo : _bBúho, _c2019. |
||
| 300 |
_a447 p. : _bil. ; _c23 cm. |
||
| 500 | _aIncluye datos biográficos del autor en la solapa de la contracubierta | ||
| 500 | _aIncluye referencias bibliográficas y notas al pie de las páginas e índice onomástico | ||
| 590 | _aInventariado, 2021/BT | ||
| 910 | _aBtavárez | ||
| 942 |
_2ddc _cLBS1 |
||
| 999 |
_c50622 _d50622 |
||